Historia cultural del Tucumán Prehispánico / por Antonio Serrano
Publicado:
Barcelona :
Diputación Provincial de Barcelona. Instituto de Prehistoria y Arqueología ,
1967
Descripción Física:
91 p. : il., amb làm. ; 27 cm
Colección:
Monografías ; 27
MARC
| LEADER | 00000nam a2200000Ia 4500 | ||
|---|---|---|---|
| 001 | 7778 | ||
| 008 | 160829s1967 xx 000 0 cat d | ||
| 080 | |a H-2-82 | ||
| 100 | |a Serrano, Antonio |9 32398 | ||
| 245 | |a Historia cultural del Tucumán Prehispánico / por Antonio Serrano | ||
| 260 | |a Barcelona : |b Diputación Provincial de Barcelona. Instituto de Prehistoria y Arqueología, |c 1967 | ||
| 300 | |a 91 p. : |b il., amb làm. ; |c 27 cm | ||
| 490 | |a Monografías ; 27 | ||
| 590 | |a Separata d'Ampúrias ; 27. | ||
| 590 | |a Bibliografia | ||
| 650 | |a Tucumán (Argentina) |x Arqueologia |9 32399 | ||
| 650 | |a Prehistòria |x Tucumán (Argentina) |9 32400 | ||
| 710 | 2 | |a Instituto de Prehistoria y Arqueología (Barcelona, Catalunya) |9 54255 | |
| 901 | |a Arxiu | ||
| 942 | |n 1 |2 udc | ||
| 952 | |0 0 |1 0 |4 0 |6 H282 |7 1 |9 45970 |a Arxiu |b Arxiu |d 2016-12-01 |l 0 |o H-2-82 |p 7778 |r 2016-12-01 00:00:00 |w 2016-12-01 |y ARXIU | ||
| 999 | |c 49471 |d 49471 | ||